000
00307nam a22001337a 4500
008
181030b xxu||||| |||| 00| 0 eng d
020
_a
1556641184
041
_a
eng
080
_a
610.73
100
_a
2
101
_a
INF
245
_a
Decision Making in Critical Care Nursing
_c
Williams
942
_2
udc
_c
BK
999
_c
51116
_d
51116